[Event "GER-ch U25-B"]
[Site "Willingen"]
[Date "2017.06.05"]
[Round "3"]
[White "Grone, Lion"]
[Black "Ljuca, Semir"]
[Result "1/2-1/2"]
[WhiteElo "1545"]
[BlackElo "1263"]
[PlyCount "40"]
[EventDate "2017.06.04"]
[EventType "swiss"]
[EventRounds "9"]
[EventCountry "GER"]
[SourceTitle "CBM 178 Extra"]
[Source "ChessBase"]
[SourceDate "2017.06.22"]
[SourceVersion "1"]
[SourceVersionDate "2017.06.22"]
[SourceQuality "1"]

1. e4 c5 2. Nf3 d6 3. Bb5+ Bd7 4. Bxd7+ Nxd7 5. 0-0 Ngf6 6. Re1 e6 7. c3 Be7 8. d4 cxd4 9. cxd4 d5 10. e5 Ne4 11. Nbd2 Nxd2 12. Bxd2 0-0 13. Rc1 Qb6 14. Rc2 Rac8 15. Bc3 Rc6 16. Qd2 Rfc8 17. a3 Qc7 18. Qe2 Bxa3 19. Rd2 Be7 20. Ra1 Ra8 1/2-1/2

[Event "GER-ch U25-B"]
[Site "Willingen"]
[Date "2016.05.18"]
[Round "6"]
[White "Klugstedt, Vincent C"]
[Black "Grone, Lion"]
[Result "1/2-1/2"]
[WhiteElo "1281"]
[BlackElo "1392"]
[PlyCount "75"]
[EventDate "2016.05.15"]
[EventType "swiss"]
[EventRounds "9"]
[EventCountry "GER"]
[SourceTitle "CBM 172 Extra"]
[Source "ChessBase"]
[SourceDate "2016.06.21"]
[SourceVersion "1"]
[SourceVersionDate "2016.06.21"]
[SourceQuality "1"]

1. d4 d5 2. Nf3 Nf6 3. Bf4 Bf5 4. e3 e6 5. c4 c5 6. Nc3 a6 7. Be2 Be7 8. 0-0 Nc6 9. h3 h6 10. Rc1 cxd4 11. Nxd4 Nxd4 12. exd4 dxc4 13. Bxc4 Rc8 14. Bd3 Bxd3 15. Qxd3 0-0 16. Rfe1 Nd5 17. Nxd5 Qxd5 18. b3 Rfd8 19. Rxc8 Rxc8 20. Re3 Bd6 21. Be5 f6 22. Bxd6 Qxd6 23. Qe4 Rc1+ 24. Re1 Rxe1+ 25. Qxe1 Kf7 26. Qe4 Qd5 27. Qxd5 exd5 28. Kf1 Ke6 29. Ke2 g5 30. g4 f5 31. f3 b5 32. b4 Kf6 33. a3 Kg6 34. Kf2 Kf7 35. Ke3 Ke6 36. f4 fxg4 37. hxg4 gxf4+ 38. Kxf4 1/2-1/2

[Event "GER-ch U25-B"]
[Site "Willingen"]
[Date "2016.05.15"]
[Round "1"]
[White "Grone, Lion"]
[Black "Lorenz, Keana"]
[Result "1-0"]
[WhiteElo "1392"]
[BlackElo "1037"]
[PlyCount "97"]
[EventDate "2016.05.15"]
[EventType "swiss"]
[EventRounds "9"]
[EventCountry "GER"]
[SourceTitle "CBM 172 Extra"]
[Source "ChessBase"]
[SourceDate "2016.06.21"]
[SourceVersion "1"]
[SourceVersionDate "2016.06.21"]
[SourceQuality "1"]

1. e4 c5 2. Nf3 Nc6 3. Bb5 g6 4. 0-0 Bg7 5. c3 Nf6 6. Re1 0-0 7. d4 cxd4 8. cxd4 a6 9. Ba4 b5 10. Bb3 Bb7 11. a3 d5 12. e5 Ne4 13. Ng5 f6 14. Ne6 Qd7 15. Nxf8 Rxf8 16. Rxe4 Kh8 17. e6 Qd6 18. Bf4 Qd8 19. Re2 f5 20. Rd2 Qb6 21. Nc3 Nxd4 22. Be3 f4 23. Bxd4 Bxd4 24. Rxd4 Qxe6 25. Bxd5 Bxd5 26. Rxd5 Qc6 27. Rd8 Rxd8 28. Qxd8+ Kg7 29. Qxe7+ Kg8 30. Qd8+ Kg7 31. Qd4+ Kg8 32. Qd5+ Qxd5 33. Nxd5 Kf7 34. Nc7 h5 35. h4 Kf6 36. Nxa6 Kf5 37. f3 Ke5 38. Rd1 Kf6 39. Re1 Kf7 40. Nc7 Kf6 41. Nxb5 Kf5 42. a4 Kf6 43. a5 Kf7 44. a6 Kf6 45. a7 Kf5 46. a8Q g5 47. Qf8+ Kg6 48. Re6+ Kh7 49. Rh6# 1-0

[Event "GER-chT North U12"]
[Site "Magdeburg"]
[Date "2013.09.15"]
[Round "7.2"]
[White "Oehne, Nico"]
[Black "Grone, Lion"]
[Result "0-1"]
[WhiteElo "979"]
[BlackElo "1133"]
[PlyCount "52"]
[EventDate "2013.09.12"]
[EventType "team-swiss"]
[EventRounds "7"]
[EventCountry "GER"]
[SourceTitle "EXT 2014"]
[Source "ChessBase"]
[SourceDate "2013.11.20"]
[SourceVersion "1"]
[SourceVersionDate "2013.11.20"]
[SourceQuality "1"]
[WhiteTeam "Nordhorn Blanke"]
[BlackTeam "Bremen West"]
[WhiteTeamCountry "GER"]
[BlackTeamCountry "GER"]

1. f4 e6 2. Nf3 d5 3. e3 Bd7 4. Be2 c5 5. 0-0 Nc6 6. b3 Be7 7. Bb2 Bf6 8. Bxf6 Nxf6 9. c4 0-0 10. d4 cxd4 11. exd4 Rc8 12. c5 Qc7 13. Ne5 b6 14. Bf3 bxc5 15. dxc5 Nxe5 16. fxe5 Qxc5+ 17. Kh1 Ne8 18. Nd2 Qc7 19. Re1 f6 20. Qe2 fxe5 21. Qxe5 Qxe5 22. Rxe5 Nf6 23. Rg5 Rc6 24. Re1 Rc2 25. Rd1 Rxa2 26. h3 Rc8 0-1

[Event "GER-chT North U12"]
[Site "Magdeburg"]
[Date "2012.09.08"]
[Round "5.2"]
[White "Grone, Lion"]
[Black "Falk, Maximilian"]
[Result "1/2-1/2"]
[WhiteElo "1057"]
[BlackElo "860"]
[PlyCount "112"]
[EventDate "2012.09.06"]
[EventType "team-swiss"]
[EventRounds "7"]
[EventCountry "GER"]
[SourceTitle "EXT 2015"]
[Source "ChessBase"]
[SourceDate "2014.11.20"]
[SourceVersion "1"]
[SourceVersionDate "2014.11.20"]
[SourceQuality "1"]
[WhiteTeam "Bremen West"]
[BlackTeam "Rostock"]
[WhiteTeamCountry "GER"]
[BlackTeamCountry "GER"]

1. e4 e5 2. Nf3 Nc6 3. Bc4 Bc5 4. d3 h6 5. Nc3 Nf6 6. Be3 d6 7. Bxc5 dxc5 8. h3 0-0 9. 0-0 Be6 10. Bb3 Bxb3 11. axb3 a6 12. Qe2 Qe7 13. Nd1 Rad8 14. c4 Qd7 15. Ne1 Nd4 16. Qe3 Nxb3 17. Ra3 Nd4 18. Nc3 c6 19. Na4 Qd6 20. Qd2 b5 21. cxb5 cxb5 22. Nxc5 Qxc5 23. Rxa6 Nxe4 24. Qe3 Nf6 25. Kh1 Qd5 26. Kg1 Rc8 27. g4 Qb3 28. g5 hxg5 29. Qxg5 Rc6 30. Rxc6 Nxc6 31. Kg2 Qxb2 32. Rg1 e4 33. Kf1 Nh7 34. Qg2 g6 35. h4 Nd4 36. Qg4 exd3 37. Nxd3 Qb1+ 38. Ne1 Re8 39. Kg2 Rxe1 40. Rxe1 Qxe1 41. Qxd4 b4 42. Qd8+ Kg7 43. Qd5 Qb1 44. Qd4+ Nf6 45. h5 b3 46. h6+ Kxh6 47. Qxf6 b2 48. Qh8+ Kg5 49. Qe5+ Qf5 50. Qxb2 Qg4+ 51. Kf1 f5 52. Qd2+ f4 53. Qd8+ Kf5 54. Qd7+ Kg5 55. Qd8+ Kh6 56. Qh8+ Kg5 1/2-1/2

[Event "GER-chT North U12"]
[Site "Magdeburg"]
[Date "2012.09.06"]
[Round "2.2"]
[White "Schmidt, Friedrich"]
[Black "Grone, Lion"]
[Result "0-1"]
[WhiteElo "920"]
[BlackElo "1057"]
[PlyCount "116"]
[EventDate "2012.09.06"]
[EventType "team-swiss"]
[EventRounds "7"]
[EventCountry "GER"]
[SourceTitle "EXT 2015"]
[Source "ChessBase"]
[SourceDate "2014.11.20"]
[SourceVersion "1"]
[SourceVersionDate "2014.11.20"]
[SourceQuality "1"]
[WhiteTeam "Magdeburg USC"]
[BlackTeam "Bremen West"]
[WhiteTeamCountry "GER"]
[BlackTeamCountry "GER"]

1. e4 e6 2. Nf3 d5 3. Nc3 c5 4. Bb5+ Bd7 5. Bxd7+ Qxd7 6. 0-0 Nf6 7. d3 Nc6 8. Bf4 dxe4 9. Nxe4 Nxe4 10. dxe4 Qxd1 11. Raxd1 Be7 12. h3 Nb4 13. c3 Nc6 14. Rd2 b6 15. Ne5 Nxe5 16. Bxe5 0-0 17. Rd3 Rad8 18. Rg3 f6 19. Bf4 Kh8 20. Re3 e5 21. Bg3 Rd2 22. Ree1 Rxb2 23. a4 Rb3 24. Rc1 Rd8 25. Rc2 Rd3 26. c4 Rb4 27. f4 Rxg3 28. Rd2 a5 29. Rfd1 Kg8 30. Rd7 Bf8 31. fxe5 fxe5 32. R1d5 Rxc4 33. Rxe5 Re3 34. Re8 Rcxe4 35. Rb8 Re1+ 36. Kh2 Rxa4 37. Rdd8 Rf1 38. Rxb6 c4 39. Rd2 Rb4 40. Re6 c3 41. Rc2 Rc4 42. Ra6 a4 43. Re6 a3 44. Ree2 Rb1 45. Kg3 Rb2 46. Kf3 a2 47. Rxb2 cxb2 48. Rxb2 a1Q 49. Rf2 Qf6+ 50. Kg3 Rc3+ 51. Rf3 Rxf3+ 52. gxf3 Bd6+ 53. Kg2 Qb2+ 54. Kf1 Qd2 55. Kg1 Qe2 56. h4 Bg3 57. f4 Qh2+ 58. Kf1 Qf2# 0-1